Religion Quiz

Random Religion or Book Quiz

Which Is Longer?: Bible Books Quiz Stats

 Plays Quiz Updated Apr 8, 2016

Also try: I'm a Bible Book!
Challenge
Share
Tweet
Embed
Score 0/15 Timer 05:00
5 Plays Today
Bible Book I (Type '1') Which is Longer % Correct
Philippians???
63.5%
1 Timothy???
63.5%
Jonah???
62.3%
Malachi???
60.7%
Amos???
60.7%
Genesis???
60.1%
Daniel???
56.7%
James???
55.2%
Bible Book I (Type '1') Which is Longer % Correct
Joshua???
53%
Mark???
49.5%
Galatians???
49.2%
1 Samuel???
48.5%
Job???
44.6%
Matthew???
41.7%
2 John???
41.3%

You're not logged in!

Compare scores with friends on all Sporcle quizzes.
OR
Log In

You Might Also Like...

Show Comments

Extras

Top Quizzes Today


Score Distribution

Your Account Isn't Verified!

In order to create a playlist on Sporcle, you need to verify the email address you used during registration. Go to your Sporcle Settings to finish the process.

Report this User

Report this user for behavior that violates our Community Guidelines.

Details: